00880nam a2200229 a 450000500170000000800410001702000180005804000630007604100080013924501380014726000340028530000220031950400530034165000590039465000320045365000370048570000290052270000330055170000220058470000210060670000230062720260527084339.0120830t2018 nyu |||gr|||| 00| 0 eng d a9780367464585 aCO-BoUCMbspacStefania Borbon (Modificó)dDeissy Garcia0 aeng04aThe origins of cocaine :bcolonization and failed development in the Amazon Andes /ceditado por Paul Gootenberg, Liliana M Dávalos aNueva York;bRoutledge,c2018 axi, 177 páginas aIncluye referencias bibliográficas e índices 7aIndustria de la cocaína xHistoriazAmérica Latina 7aCocaínazAmérica Latina 7aNarcotráficozAmérica Latina1 aGootenberg, Pauleeditor1 aDávalos, Liliana Meeditor1 aManrique Hernán1 aParedes, Maritza1 aMillington, Andrew